japan - Statistics

General Stats
  • This quiz has been taken 289 times
  • The average score is 12 of 15
Answer Stats
Hint Answer % Correct
capital of japan tokyo
100%
japanese comic manga
95%
rice with raw fish sushi
95%
traditional robe kimono
93%
currency yen
92%
traditional sport sumo
90%
japanese name for japan nihon
86%
land of the rising sun
84%
religion shinto
82%
2nd biggest metro area osaka
76%
religion buddhism
72%
formal name for tokyo edo
72%
biggest island honshu
69%
tallest mountain mt fuji
55%
fish koi
47%
No matching quizzes found
Score Distribution
Percent of People with Each Score
Percentile by Number Answered
Your Score History
You have not taken this quiz